Les 10 pays les plus visités au monde - Statistiques

Statistiques générales
  • Ce quiz a été pris 259 fois
  • Le résultat moyen est 8 sur 10
Statistiques - réponses
Nombre de visites Réponses % Correct
89,4 millions France
99%
82,7 millions Espagne
97%
62,9 millions Chine
93%
79,6 millions États-Unis
93%
62,1 millions Italie
90%
38,9 millions Allemagne
78%
41,3 millions Mexique
73%
36,3 millions Angleterre
52%
38,3 millions Thaïlande
51%
45,8 millions Turquie
45%
Aucun quiz correspondant
Distribution des résultats
% des personnes avec chaque résultat
Percentile par nombre de réponses
Votre historique - résultats
Vous n’avez pas pris ce quiz